MARC

LEADER 00000nam0a2200000 4500
001 258282
005 20231101233301.0
035 |a (RuTPU)RU\TPU\book\281125 
035 |a RU\TPU\book\279710 
090 |a 258282 
100 |a 20140423d1987 k y0rusy50 ca 
101 0 |a rus 
102 |a EE 
105 |a a z 001zy 
200 1 |a Гидроаэродинамика и динамика систем управления  |e сборник статей  |f Таллинский политехнический институт (ТПИ) ; отв. ред. В. Реэдик 
210 |a Таллин  |c Изд-во ТалПИ  |d 1987 
215 |a 139 с.  |c ил. 
225 1 |a Труды Таллинского политехнического института  |v № 632  |x 0136-3549 
225 1 |a Гидравлика и пневматика  |v [Вып.] II  |x 0233-5697 
320 |a Библиогр. в конце ст. 
606 1 |a Гидравлика  |2 stltpush  |3 (RuTPU)RU\TPU\subj\6462  |9 34344 
606 1 |a Пневматика  |2 stltpush  |3 (RuTPU)RU\TPU\subj\49429  |9 68227 
610 1 |a сборники 
610 1 |a гидроаэродинамика 
610 1 |a визуализация 
610 1 |a управление 
610 1 |a системы 
610 1 |a математические модели 
610 1 |a блок-схемы 
610 1 |a вычислительные модели 
610 1 |a лазерные измерители 
610 1 |a жидкости 
675 |a 532  |v 3 
675 |a 621.51/.54  |v 3 
702 1 |a Реэдик  |b В.  |4 340 
712 0 2 |a Таллинский политехнический институт (ТПИ)  |c (1941-1989)  |2 stltpush  |3 (RuTPU)RU\TPU\col\12417 
801 1 |a RU  |b 63413507  |c 20110901 
801 2 |a RU  |b 63413507  |c 20231011  |g RCR 
942 |c BK